00499pab a2200169 454500008004000000100001800040245004900058260000900107300001200116362001200128650001900140650001100159773002600170909001000196999001700206952010600223180718b1998 xxu||||| |||| 00| 0 eng d aSaksena, J.N. aIndian police after 50 years of independence c1998 ap.41-43 aJan-Jun aPolice - India aPolice aIndian Police Journal a37454 c37454d37454 00104070aIIPAbIIPAd2018-07-19hVolume no: 45, Issue no: 1&2pAR37788r2018-07-19w2018-07-19yAR